000 00426nam a22001697a 4500
003 MACL
005 20160124151622.0
008 160124b xxu||||| |||| 00| 0 eng d
040 _cMACL
041 _aEnglish
082 _a160/AGA
100 _aAgarwal P.K
_934549
245 _aTest Of Verbal Reasoning For Competitive Examination
260 _aNew Delhi
_bAsian Books
_c2002
650 _aLogic
_921842
942 _2ddc
_cBK
999 _c52839
_d52839